Pile foundations in engineering practice / (Record no. 546311)
[ view plain ]
| 000 -LEADER | |
|---|---|
| fixed length control field | 00783cam a2200217 a 4500 |
| 020 ## - INTERNATIONAL STANDARD BOOK NUMBER | |
| International Standard Book Number | 0471616532 |
| 082 00 - DEWEY DECIMAL CLASSIFICATION NUMBER | |
| Classification number | 624.15 |
| Author Mark | SHA |
| -- | N-01, P-230 |
| 100 1# - MAIN ENTRY--PERSONAL NAME | |
| Personal name | Prakash, Shamsher. |
| 9 (RLIN) | 26807 |
| 245 10 - TITLE STATEMENT | |
| Title | Pile foundations in engineering practice / |
| Statement of responsibility, etc. | Shamsher Prakash, Hari D. Sharma. |
| 260 ## - PUBLICATION, DISTRIBUTION, ETC. | |
| Place of publication, distribution, etc. | New York : |
| Name of publisher, distributor, etc. | Wiley, |
| Date of publication, distribution, etc. | c1990. |
| 300 ## - PHYSICAL DESCRIPTION | |
| Extent | xxx, 734 p. : |
| Other physical details | ill. ; |
| Dimensions | 25 cm. |
| 500 ## - GENERAL NOTE | |
| General note | "A Wiley-Interscience publication." |
| 526 ## - STUDY PROGRAM INFORMATION NOTE | |
| Program name | 0 |
| Interest level | 0 |
| Reading level | 0 |
| Title point value | 624_150000000000000_SHA |
| 526 ## - STUDY PROGRAM INFORMATION NOTE | |
| Program name | 0 |
| Interest level | 0 |
| Reading level | 0 |
| Title point value | 624_150000000000000_SHA |
| 650 #0 - SUBJECT ADDED ENTRY--TOPICAL TERM | |
| Topical term or geographic name entry element | NUST |
| 9 (RLIN) | 6342 |
| 650 #0 - SUBJECT ADDED ENTRY--TOPICAL TERM | |
| Topical term or geographic name entry element | Piling (Civil engineering) |
| 9 (RLIN) | 26808 |
| 700 1# - ADDED ENTRY--PERSONAL NAME | |
| Personal name | Sharma, Hari D. |
| 9 (RLIN) | 6366 |
| 856 4# - ELECTRONIC LOCATION AND ACCESS | |
| Uniform Resource Identifier | <a href="http://www.loc.gov/catdir/toc/onix03/89031977.html">http://www.loc.gov/catdir/toc/onix03/89031977.html</a> |
| 856 42 - ELECTRONIC LOCATION AND ACCESS | |
| Uniform Resource Identifier | <a href="http://www.loc.gov/catdir/description/wiley033/89031977.html">http://www.loc.gov/catdir/description/wiley033/89031977.html</a> |
| 942 ## - ADDED ENTRY ELEMENTS (KOHA) | |
| Source of classification or shelving scheme | |
| Koha item type | Book |
| Withdrawn status | Lost status | Source of classification or shelving scheme | Damaged status | Not for loan | Permanent Location | Current Location | Date acquired | Total Checkouts | Full call number | Barcode | Date last seen | Price effective from | Koha item type |
|---|---|---|---|---|---|---|---|---|---|---|---|---|---|
| Military College of Engineering (MCE) | Military College of Engineering (MCE) | 06/06/2014 | 624.15 SHA | MCE-45936 | 06/06/2014 | 06/06/2014 | Book | ||||||
| Military College of Engineering (MCE) | Military College of Engineering (MCE) | 06/06/2014 | 624.15 SHA | MCE-45935 | 06/06/2014 | 06/06/2014 | Book |
